000 00535nam a2200181 i 4500
001 27173
003 ES-MaACL
005 20230906153555.0
007 t|
008 030113s1934 sz ||||1| fre d
100 1 _aAxling, William.
_924101
245 1 0 _aKagawa
_b: un saint françois japonais /
_cWilliam Axling ; traduit de l'anglais par H. Ecuyer.
260 _aLausanne :
_bLa Concorde,
_c1934.
300 _a235 p. ;
_c20 cm.
600 0 4 _aKagawa, Toyohiko.
_967406
700 1 _aEcuyer, H.
_946614
852 _aES-MaACL
_jA-2701
999 _c27173
_d27173